Tunnettuja suomalaisia kolmikoita - Statistics

Yleistilastot
  • Tätä visaa on pelattu 70 kertaa
    56 viimeisimmän päivityksen jälkeen
  • Keskiarvotulos 7 / 15
Vastaustilastot
% Oikein
Helsinki, Tampere Turku (Suomen kasvukolmio)
94%
S-Ryhmä, K-Ryhmä Lidl (kolme isoa ketjua)
86%
Elisa, DNA Telia (kolme suurta operaattoria)
82%
Heli Palsanmäki, Aki Palsanmäki Markku (Huutokauppakeisari)
76%
Jorma Uotinen, Helena Ahti-Hallberg Jukka Haapalainen (TTK-tuomarit)
48%
Saku Koivu, Ville Peltonen Jere Lehtinen (tupu-hupu-lupu -ketju)
44%
Jaajo Linnonmaa, Anni Ihamäki Juha Perälä (Aamulypsy)
40%
inarinsaame, koltansaame pohjoissaame (saamen kielet Suomessa)
38%
Albert Järvinen, Cisse Häkkinen Remu Aaltonen (Hurriganes)
38%
Pyhimys, Voli Heikki Kuula (Teflon Brothers)
36%
Sami Harmaala, Juho Nummela Joose Kääriäinen (Justimusfilms)
34%
Johannes Brotherus, Aarni Soivio Jonttu Luhtavaara (KUUMAA)
30%
Jonna Pirinen, Ushma Karnani Jenni Vartiainen (Gimmel)
28%
Jari Tervo, Tommy Tabermann Peter Nyman (Uutisvuoto)
24%
Andu, Tasis Uniikki (Kapasiteettiyksikkö)
6%
Ehtoja vastaavia visoja ei löytynyt
Tulosjakauma
Jokaisen tuloksen saaneiden osuus
Persentiili vastausten määrän mukaan
Tuloshistoriasi
Et ole pelannut tätä visaa sen viimeisimmän päivityksen jälkeen